01382nam a22002177a 450000500170000000800410001702000180005804000070007604100120008308200160009510000180011124500890012926000460021830000290026436500580029352007250035165000200107665000160109665000300111265000220114220260131100913.0260131b |||||||| |||| 00| 0 eng d a9781394205912 cAL aEnglish a006.3bMUSG aMartin Musiol aGenerative AIb: Navigating the Course to the artificial general intelligence future aNew JerseybJohn Wiley and Sons Incc2024 axii,420p.bHBc23.5x16cm aMAA4-4982129b₹1616.45c₹d₹2598.00f15-01-2026 aAn engaging and essential discussion of generative artificial intelligence In Generative AI: Navigating the Course to the Artificial General Intelligence Future, celebrated author Martin Musiol—founder and CEO of generativeAI.net and GenAI Lead for Europe at Infosys—delivers an incisive and one-of-a-kind discussion of the current capabilities, future potential, and inner workings of generative artificial intelligence. In the book, you'll explore the short but eventful history of generative artificial intelligence, what it's achieved so far, and how it's likely to evolve in the future. You'll also get a peek at how emerging technologies are converging to create exciting new possibilities in the GenAI space.  aEvolution of AI aPath to AGI aEthical and Social Impact aFuture Trajectory